Online
Catalog

Banco Central de la República Dominicana. (Record no. 24515)

MARC details
000 -CABECERA
campo de control de longitud fija 00395nam a2200145 a 4500
001 - NÚMERO DE CONTROL
campo de control 000025022
005 - FECHA Y HORA DE LA ÚLTIMA TRANSACCIÓN
campo de control 20200930023519.0
008 - DATOS DE LONGITUD FIJA--INFORMACIÓN GENERAL
campo de control de longitud fija 110209s1996 dr a 000 0 spa d
040 ## - FUENTE DE LA CATALOGACIÓN
Centro catalogador/agencia de origen DO-SdBNP
Lengua de catalogación spa
Centro/agencia transcriptor BNPHU
082 ## - NÚMERO DE LA CLASIFICACIÓN DECIMAL DEWEY
Número de clasificación xxx
Número de documento/Ítem B213c
049 ## - FONDOS LOCALES (OCLC)
Fondos de biblioteca BNPD
245 10 - MENCIÓN DE TÍTULO
Título Banco Central de la República Dominicana.
260 ## - PUBLICACIÓN, DISTRIBUCIÓN, ETC.
Lugar de publicación, distribución, etc. Santo Domingo :
Nombre del editor, distribuidor, etc. Tele-3,
Fecha de publicación, distribución, etc. [1996].
300 ## - DESCRIPCIÓN FÍSICA
Extensión 164 p. :
Otras características físicas retr. ;
Dimensiones 29 cm.
Holdings
Estado de retiro Estado de pérdida Restricciones de uso No para préstamo Código de colección Localización permanente Ubicación/localización actual Ubicación en estantería Fecha de adquisición Número de inventario Total de préstamos Signatura topográfica completa Código de barras Fecha visto por última vez Número de copia Precio válido a partir de Tipo de ítem Koha
        Dominicana de Servicio General General En catalogación 09.02.2011 LF1   xxx B213c 25022-30 25.06.2020 e.3 25.06.2020 Libro y Folleto Colección Dominicana de Servicio
        Patrimonio Dominicano Patrimonio Dominicano Patrimonio Dominicano En catalogación 09.02.2011 LF1   xxx B213c 25022-10 25.06.2020   25.06.2020 Libro y Folleto Colección Patrimonio Dominicano
      Préstamo restrigido Patrimonio Dominicano Patrimonio Dominicano Patrimonio Dominicano En catalogación 09.02.2011 LF1   xxx B213c 25022-20 25.06.2020 e.2 25.06.2020 Libro y Folleto Colección Patrimonio Dominicano

Powered by Koha